| 000 | 01248nam a22003497a 4500 | ||
|---|---|---|---|
| 003 | CHAP | ||
| 005 | 20220329141019.0 | ||
| 008 | 971013s1988 r 00010 d | ||
| 010 | _a61286 | ||
| 011 | _a62258 | ||
| 035 | _a66432 | ||
| 040 | _cCHAP | ||
| 090 | _aTesis | ||
| 100 | 0 | 0 |
_aSilva Echevarría, Ricardo. _9105992 |
| 245 | _aEvaluación de un sistema de producción de leche en condiciones de pastoreo en Valle de Santiago, Gto. | ||
| 260 |
_aChapingo, Méx. : _bEl autor, _c1988 |
||
| 300 |
_a55 h. _b; gráfs. ; anexo |
||
| 502 | _aTesis (Ing. Agr. Esp. en Zootecnia) -- UACH. Departamento de Zootecnia | ||
| 590 |
_aALEPH _b10 _c20130110 _lUCH01 _h1341 |
||
| 590 |
_aBATCH-UPD _b10 _c20130110 _lUCH01 _h1219 |
||
| 590 |
_aBATCH-UPD _b10 _c20130410 _lUCH01 _h0755 |
||
| 590 |
_aBATCH-UPD _b10 _c20130914 _lUCH01 _h1517 |
||
| 590 |
_aCONVERSION _b10 _c20130109 _lUCH01 _h1333 |
||
| 650 | 1 | 4 |
_aGanado lechero _xGuanajuato. _945268 |
| 650 | 1 | 4 |
_aGanado lechero _xPastoreo. _945284 |
| 650 | 1 | 4 |
_aLeche _xProducción. _965400 |
| 901 | _aBK | ||
| 942 | _cFOLL | ||
| 949 |
_bBC _cTES _d-151621 _eTS1 _h29653 _i66432 _si |
||
| 949 |
_bBC _cTES _d33724000623385 _eTS2 _fc.3 _h29655 _i66432 _si |
||
| 949 |
_bBC _cTES _d33724000623393 _eTS2 _fc.2 _h29654 _i66432 _si |
||
| 999 |
_c61286 _d61286 |
||